<?xml version="1.0" encoding="UTF-8"?>
<record
    xmlns:xsi="http://www.w3.org/2001/XMLSchema-instance"
    xsi:schemaLocation="http://www.loc.gov/MARC21/slim http://www.loc.gov/standards/marcxml/schema/MARC21slim.xsd"
    xmlns="http://www.loc.gov/MARC21/slim">

  <leader>01355    a2200205   4500</leader>
  <controlfield tag="001">33046</controlfield>
  <controlfield tag="005">20260407155625.0</controlfield>
  <controlfield tag="008">260407a1969    arg                 spa d</controlfield>
  <controlfield tag="003">AR-UNSa-BCEJYS</controlfield>
  <datafield tag="040" ind1=" " ind2=" ">
    <subfield code="a">AR-UNSa-BCEJYS</subfield>
    <subfield code="b">spa</subfield>
    <subfield code="c">AR-UNSa-BCEJYS</subfield>
  </datafield>
  <datafield tag="080" ind1=" " ind2=" ">
    <subfield code="a">658.012.2</subfield>
    <subfield code="x">Planificaci&#xF3;n. Programas. Planes. Medidas de apoyo a la planificaci&#xF3;n( Administraci&#xF3;n estrat&#xE9;gica...)</subfield>
  </datafield>
  <datafield tag="245" ind1="1" ind2="0">
    <subfield code="a">Planificaci&#xF3;n a largo plazo y crecimiento de la empresa</subfield>
    <subfield code="p">la gu&#xED;a del ejecutivo para una planificaci&#xF3;n eficaz</subfield>
  </datafield>
  <datafield tag="264" ind1=" " ind2="1">
    <subfield code="a">Bilbao :</subfield>
    <subfield code="b">Ediciones Deusto</subfield>
    <subfield code="c">1969</subfield>
  </datafield>
  <datafield tag="300" ind1=" " ind2=" ">
    <subfield code="a">242 p.</subfield>
    <subfield code="c">21 cm.</subfield>
  </datafield>
  <datafield tag="505" ind1=" " ind2=" ">
    <subfield code="a">1. La necesidad de una planificaci&#xF3;n a largo plazo - 2. Organizaci&#xF3;n de la planificaci&#xF3;n a largo plazo - 3. Establecer objetivos generales a largo plazo - 4. Objetivos a corto plazo como parte de un plan a largo plazo - 5. El plan de marketing - 6. Planificaci&#xF3;n de nuevos productos - 7. Planificaci&#xF3;n de la investigaci&#xF3;n y desarrollo - 8. Planificaci&#xF3;n a largo plazo de la fabricaci&#xF3;n - 9. Organizaci&#xF3;n del equipo directivo para la expansi&#xF3;n de la empresa - 10. Planificaci&#xF3;n financiera - 11. Planificaci&#xF3;n internacional - 12. C&#xF3;mo hacer que la planificaci&#xF3;n a largo plazo se convierta en una operaci&#xF3;n pr&#xE1;ctica.</subfield>
  </datafield>
  <datafield tag="942" ind1=" " ind2=" ">
    <subfield code="c">BK</subfield>
  </datafield>
  <datafield tag="590" ind1=" " ind2=" ">
    <subfield code="a">niveau_biblio:m niveau_hierar:0</subfield>
  </datafield>
  <datafield tag="100" ind1="1" ind2=" ">
    <subfield code="a">Payne, Bruce</subfield>
  </datafield>
  <datafield tag="700" ind1="1" ind2=" ">
    <subfield code="a">Gortazar Azaola, Isabel</subfield>
  </datafield>
  <datafield tag="999" ind1=" " ind2=" ">
    <subfield code="c">2326</subfield>
    <subfield code="d">2326</subfield>
  </datafield>
  <datafield tag="952" ind1=" " ind2=" ">
    <subfield code="0">0</subfield>
    <subfield code="1">0</subfield>
    <subfield code="4">0</subfield>
    <subfield code="7">0</subfield>
    <subfield code="a">BCEJYS</subfield>
    <subfield code="b">BCEJYS</subfield>
    <subfield code="c">16</subfield>
    <subfield code="d">2026-04-07</subfield>
    <subfield code="l">0</subfield>
    <subfield code="o">658.012.2 P346</subfield>
    <subfield code="p">L23251</subfield>
    <subfield code="r">2026-04-07 15:56:25</subfield>
    <subfield code="w">2026-04-07</subfield>
    <subfield code="y">L</subfield>
  </datafield>
  <datafield tag="952" ind1=" " ind2=" ">
    <subfield code="0">0</subfield>
    <subfield code="1">0</subfield>
    <subfield code="4">0</subfield>
    <subfield code="7">0</subfield>
    <subfield code="a">BCEJYS</subfield>
    <subfield code="b">BCEJYS</subfield>
    <subfield code="c">16</subfield>
    <subfield code="d">2026-04-07</subfield>
    <subfield code="l">0</subfield>
    <subfield code="o">658.012.2 P346</subfield>
    <subfield code="p">L23250</subfield>
    <subfield code="r">2026-04-07 15:56:25</subfield>
    <subfield code="w">2026-04-07</subfield>
    <subfield code="y">L</subfield>
  </datafield>
</record>
